Efecto real: Debates posmodernos sobre fotografía.

Guardado en:
Detalles Bibliográficos
Otros Autores: Ribalta, Jorge (Editor), Llorens Pujol, Elena (traductora)
Formato: Libro
Publicado: Barcelona, España: Gustavo Gili, 2004.
Colección:Fotografía.
Materias:
Etiquetas: Agregar Etiqueta
Sin Etiquetas, Sea el primero en etiquetar este registro!

MARC

LEADER 00000nam a22000007a 4500
003 CL-VaPUC
005 20250321101922.0
008 250116t2004 ||||| |||| 00| 0 eng d
999 |c 446575  |d 446573 
020 |a 84-252-1973-6 
040 |c Pontificia Universidad Católica de Valparaíso 
082 |a 770.1 RIB 2004 
100 |9 563587  |a Ribalta, Jorge  |e editor 
245 |a Efecto real:  |b Debates posmodernos sobre fotografía. 
260 |a Barcelona, España:  |b Gustavo Gili,  |c 2004. 
300 |a 367 páginas. 
490 |a Fotografía. 
500 |a c.1-c.5. Instituto Arcos.08-01-2025. 
583 |c 20250116  |k Gabriela Rodríguez Cuevas 
650 0 |9 895167  |a Fotografía   |x Filosofía  |v Ensayos 
650 0 |9 268495  |a Fotografía  |x Estética  
650 0 |9 314877  |a Historia del arte  |x Posmodernidad  |x Fotografía 
700 |9 895487  |a Llorens Pujol, Elena  |e traductora 
942 |2 ddc  |c BK  |n 0 
952 |0 0  |1 0  |2 ddc  |4 0  |6 770_100000000000000_RIB_2004  |7 0  |9 599448  |a BIBINC  |b BIBINC  |c GEN  |d 2025-01-16  |e Instituto Arcos  |i 5664203  |o 770.1 RIB 2004  |p 5664203  |r 2025-01-16  |t 1  |w 2025-01-16  |y BK  |k IFP 
952 |0 0  |1 0  |2 ddc  |4 0  |6 770_100000000000000_RIB_2004  |7 0  |9 599449  |a BIBINC  |b BIBINC  |c GEN  |d 2025-01-16  |e Instituto Arcos  |i 5664204  |o 770.1 RIB 2004  |p 5664204  |r 2025-01-16  |t 2  |w 2025-01-16  |y BK  |k IFP 
952 |0 0  |1 0  |2 ddc  |4 0  |6 770_100000000000000_RIB_2004  |7 0  |9 599450  |a BIBINC  |b BIBINC  |c GEN  |d 2025-01-16  |e Instituto Arcos  |i 5664205  |o 770.1 RIB 2004  |p 5664205  |r 2025-01-16  |t 3  |w 2025-01-16  |y BK  |k IFP 
952 |0 0  |1 0  |2 ddc  |4 0  |6 770_100000000000000_RIB_2004  |7 0  |9 599451  |a BIBINC  |b BIBINC  |c GEN  |d 2025-01-16  |e Instituto Arcos  |i 5664206  |o 770.1 RIB 2004  |p 5664206  |r 2025-01-16  |t 4  |w 2025-01-16  |y BK  |k IFP 
952 |0 0  |1 0  |2 ddc  |4 0  |6 770_100000000000000_RIB_2004  |7 0  |9 599452  |a BIBINC  |b BIBINC  |c GEN  |d 2025-01-16  |e Instituto Arcos  |i 5664207  |l 1  |o 770.1 RIB 2004  |p 5664207  |q 2025-05-24  |r 2025-04-24  |s 2025-04-24  |t 5  |w 2025-01-16  |y BK  |k IFP